The Lion King : 3-movie collection.
Available copies
- 1 of 1 copy available at LARL/NWRL Consortium. (Show)
- 1 of 1 copy available at Northwest Regional Library.
Current holds
0 current holds with 1 total copy.
Show Only Available Copies
| Location | Call Number / Copy Notes | Barcode | Shelving Location | Status | Due Date |
|---|---|---|---|---|---|
| Warroad Public Library | DVD j LIO (Text) | 35500006390833 | Main | Available | - |
Record details
- Physical Description: 3 videodiscs (approximately 324 min.) : sound, ... Read More
- Publisher: [Burbank, CA] : Disney, [2025]
Content descriptions
| Formatted Contents Note: | The Lion King (1994 ; 88 min.) / Walt Disney ... Read More |
| Creation/Production Credits Note: | The Lion King (1994): songs by Tim Rice and Elton ... Read More The Lion King (2019): original score composed by ... Read More Mufasa, the Lion King: original songs by ... Read More |
| Participant or Performer Note: | The Lion King (1994): Jonathan Taylor Thomas, ... Read More The Lion King (2019): Donald Glover, Seth Rogen, ... Read More Mufasa, the Lion King: Aaron Pierre, Kelvin ... Read More |
| Summary, etc.: | The collection includes The Lion King, the ... Read More |
| Target Audience Note: | The Lion King (1994): MPA rating: G. The Lion King (2019): MPA rating: PG; for ... Read More Mufasa, the Lion King: MPA rating: PG; for ... Read More |
| System Details Note: | DVD; NTSC, region 1; Dolby digital 5.1. |
| Language Note: | English, French or Spanish dialogue; French or ... Read More |
Search for related items by subject
| Subject: | Simba (Fictitious character from Disney) > Juvenile drama. Mufasa (Fictitious character) > Juvenile drama. Lion > Juvenile drama. |
| LDR | 10967cgm a2201573 i 4500 | ||
|---|---|---|---|
| 001 | 463730 | ||
| 003 | LARL_NWRL_CONSORTIUM | ||
| 005 | 20250521152659.0 | ||
| 008 | 250227p20251994cau324 j vaeng d | ||
| 007 | vd cvaizq | ||
| 040 | . | ‡aFAYTV ‡beng ‡cFAYTV ‡dINO ‡dOCLCO | |
| 024 | 1 | . | ‡a043396642270 |
| 028 | 4 | 2. | ‡a64227 ‡bDisney ‡q(container) |
| 028 | 4 | 2. | ‡a8045522 ‡bDisney ‡q(The Lion King (1994)) |
| 028 | 4 | 2. | ‡a8051765 ‡bDisney ‡q(The Lion King (2019)) |
| 028 | 4 | 2. | ‡a9502980 ‡bDisney ‡q(Mufasa, the Lion King) |
| 028 | 4 | 2. | ‡a17810379 |
| 035 | . | ‡a(OCoLC)1503747081 | |
| 041 | 1 | . | ‡aeng ‡afre ‡aspa ‡jfre ‡jspa ‡peng ‡qeng ‡heng |
| 046 | . | ‡k1994 ‡2edtf | |
| 046 | . | ‡k2019 ‡2edtf | |
| 046 | . | ‡k2024 ‡2edtf | |
| 245 | 0 | 4. | ‡aThe Lion King : ‡b3-movie collection. |
| 246 | 3 | . | ‡aLion King : ‡bthree-movie collection |
| 257 | . | ‡aUnited States ‡2naf | |
| 260 | . | ‡a[Burbank, CA] : ‡bDisney, ‡c[2025] | |
| 300 | . | ‡a3 videodiscs (approximately 324 min.) : ‡bsound, color ; ‡c4 3/4 in. | |
| 340 | . | ‡b4 3/4 in. | |
| 340 | . | ‡gpolychrome ‡2rdacc | |
| 341 | 0 | . | ‡aauditory ‡bclosedCaptions ‡2sapdv |
| 341 | 0 | . | ‡avisual ‡daudioDescription ‡2sapdv |
| 344 | . | ‡adigital ‡2rdatr | |
| 344 | . | ‡boptical ‡2rdarm | |
| 344 | . | ‡gsurround ‡2rdacpc | |
| 344 | . | ‡hDolby digital 5.1 | |
| 345 | . | ‡c1.78:1 | |
| 345 | . | ‡c1.85:1 | |
| 345 | . | ‡dwide screen ‡2rdaar | |
| 346 | . | ‡bNTSC ‡2rdabs | |
| 347 | . | ‡avideo file ‡2rdaft | |
| 347 | . | ‡bDVD video | |
| 347 | . | ‡eregion 1 ‡2rdare | |
| 380 | . | ‡aMotion pictures ‡2lcgft | |
| 538 | . | ‡aDVD; NTSC, region 1; Dolby digital 5.1. | |
| 546 | . | ‡aEnglish, French or Spanish dialogue; French or Spanish subtitles; English SDH; English descriptive audio (The Lion King (2019) and Mufasa, the Lion King only). | |
| 532 | 1 | . | ‡aEnglish subtitles for the deaf and hard of hearing |
| 532 | 1 | . | ‡aEnglish described video (The Lion King (2019) and Mufasa, the Lion King only) |
| 511 | 1 | . | ‡aThe Lion King (1994): Jonathan Taylor Thomas, Matthew Broderick, James Earl Jones, Jeremy Irons, Moira Kelly, Niketa Calame, Ernie Sabella, Nathan Lane, Robert Guillaume, Rowan Atkinson, Whoopi Goldberg, Cheech Marin, Jim Cummings, Madge Sinclair. |
| 511 | 1 | . | ‡aThe Lion King (2019): Donald Glover, Seth Rogen, Chiwetel Ejiofor, Alfre Woodard, Billy Eichner, John Kani, John Oliver, Florence Kasumba, Eric André, Keegan-Michael Key, JD McCrary, Shahadi Wright Joseph, Beyoncé Knowles-Carter, James Earl Jones. |
| 511 | 1 | . | ‡aMufasa, the Lion King: Aaron Pierre, Kelvin Harrison, Jr., John Kani, Seth Rogen, Billy Eichner, Tiffany Boone, Donald Glover, Mads Mikkelsen, Thandiwe Newton, Lennie James, Anika Noni Rose, Blue Ivy Carter, Beyoncé Knowles-Carter, Keith David, Kagiso Lediga, Preston Nyman. |
| 508 | . | ‡aThe Lion King (1994): songs by Tim Rice and Elton John ; original score composed and arranged by Hans Zimmer. | |
| 508 | . | ‡aThe Lion King (2019): original score composed by Hans Zimmer ; original songs by Tim Rice and Elton John. | |
| 508 | . | ‡aMufasa, the Lion King: original songs by Lin-Manuel Miranda ; additional music and vocal performances by Lebo M ; original score composed by Dave Metzger. | |
| 521 | 8 | . | ‡aThe Lion King (1994): MPA rating: G. |
| 521 | 8 | . | ‡aThe Lion King (2019): MPA rating: PG; for sequences of violence and peril, and some thematic elements. |
| 521 | 8 | . | ‡aMufasa, the Lion King: MPA rating: PG; for action/violence, peril and some thematic elements. |
| 520 | . | ‡aThe collection includes The Lion King, the original animated 1994 adventure; The Lion King, the photorealistic 2019 update; and Mufasa - The Lion King, the 2024 prequel. | |
| 505 | 0 | 0. | ‡tThe Lion King ‡g(1994 ; 88 min.) / ‡rWalt Disney Pictures presents ; directed by Roger Allers and Rob Minkoff ; produced by Don Hahn ; screenplay by Irene Mecchi and Jonathan Roberts and Linda Woolverton -- ‡tThe Lion King ‡g(2019 ; 118 min.) / ‡rDisney presents ; directed by Jon Favreau ; screenplay by Jeff Nathanson ; produced by John Favreau, Jeffrey Silver, Karen Gilchrist ; a Fairview Entertainment production -- ‡tMufasa, the Lion King ‡g(2024 ; 118 min.) / ‡rDisney ; directed by Barry Jenkins ; screenplay by Jeff Nathanson ; produced by Adele Romanski & Mark Ceryak. |
| 600 | 0 | 0. | ‡aSimba ‡c(Fictitious character from Disney) ‡vJuvenile drama. |
| 600 | 0 | 0. | ‡aMufasa ‡c(Fictitious character) ‡vJuvenile drama. |
| 650 | 0. | ‡aLion ‡vJuvenile drama. | |
| 655 | 7. | ‡aAnimal films. ‡2lcgft ‡0(LARL_NWRL_CONSORTIUM)175806 | |
| 655 | 7. | ‡aMusical films. ‡2lcgft ‡0(LARL_NWRL_CONSORTIUM)175635 | |
| 655 | 7. | ‡aAction and adventure films. ‡2lcgft ‡0(LARL_NWRL_CONSORTIUM)175617 | |
| 655 | 7. | ‡aAnimated films. ‡2lcgft ‡0(LARL_NWRL_CONSORTIUM)175704 | |
| 655 | 7. | ‡aChildren's films. ‡2lcgft ‡0(LARL_NWRL_CONSORTIUM)175624 | |
| 655 | 7. | ‡aFiction films. ‡2lcgft ‡0(LARL_NWRL_CONSORTIUM)175626 | |
| 655 | 7. | ‡aFeature films. ‡2lcgft ‡0(LARL_NWRL_CONSORTIUM)175625 | |
| 655 | 7. | ‡aVideo recordings for the hearing impaired. ‡2lcgft ‡0(LARL_NWRL_CONSORTIUM)175744 | |
| 655 | 7. | ‡aVideo recordings for people with visual disabilities. ‡2lcgft ‡0(LARL_NWRL_CONSORTIUM)175745 | |
| 700 | 1 | . | ‡aAllers, Roger, ‡efilm director. ‡0(LARL_NWRL_CONSORTIUM)143994 |
| 700 | 1 | . | ‡aMinkoff, Rob, ‡efilm director. ‡0(LARL_NWRL_CONSORTIUM)117031 |
| 700 | 1 | . | ‡aMecchi, Irene, ‡escreenwriter. ‡0(LARL_NWRL_CONSORTIUM)103842 |
| 700 | 1 | . | ‡aRoberts, Jonathan, ‡d1956- ‡escreenwriter. ‡0(LARL_NWRL_CONSORTIUM)74958 |
| 700 | 1 | . | ‡aWoolverton, Linda, ‡escreenwriter. ‡0(LARL_NWRL_CONSORTIUM)86940 |
| 700 | 1 | . | ‡aHahn, Don, ‡efilm producer. ‡0(LARL_NWRL_CONSORTIUM)119330 |
| 700 | 1 | . | ‡aThomas, Jonathan Taylor, ‡evoice actor. ‡0(LARL_NWRL_CONSORTIUM)140098 |
| 700 | 1 | . | ‡aBroderick, Matthew, ‡d1962- ‡evoice actor. ‡0(LARL_NWRL_CONSORTIUM)102665 |
| 700 | 1 | . | ‡aJones, James Earl, ‡evoice actor. ‡0(LARL_NWRL_CONSORTIUM)78696 |
| 700 | 1 | . | ‡aIrons, Jeremy, ‡d1948- ‡evoice actor. ‡0(LARL_NWRL_CONSORTIUM)97551 |
| 700 | 1 | . | ‡aKelly, Moira, ‡evoice actor. ‡0(LARL_NWRL_CONSORTIUM)140593 |
| 700 | 1 | . | ‡aCalame, Niketa, ‡d1980- ‡evoice actor. |
| 700 | 1 | . | ‡aSabella, Ernie, ‡evoice actor. ‡0(LARL_NWRL_CONSORTIUM)146386 |
| 700 | 1 | . | ‡aLane, Nathan, ‡d1956- ‡evoice actor. ‡0(LARL_NWRL_CONSORTIUM)120624 |
| 700 | 1 | . | ‡aGuillaume, Robert, ‡evoice actor. ‡0(LARL_NWRL_CONSORTIUM)95427 |
| 700 | 1 | . | ‡aAtkinson, Rowan, ‡evoice actor. ‡0(LARL_NWRL_CONSORTIUM)78720 |
| 700 | 1 | . | ‡aGoldberg, Whoopi, ‡d1955- ‡evoice actor. |
| 700 | 1 | . | ‡aMarin, Cheech, ‡evoice actor. ‡0(LARL_NWRL_CONSORTIUM)99709 |
| 700 | 1 | . | ‡aCummings, Jim, ‡d1952- ‡evoice actor. |
| 700 | 1 | . | ‡aSinclair, Madge, ‡evoice actor. ‡0(LARL_NWRL_CONSORTIUM)80815 |
| 700 | 1 | . | ‡aFavreau, Jon, ‡efilm director, ‡efilm producer. ‡0(LARL_NWRL_CONSORTIUM)122417 |
| 700 | 1 | . | ‡aNathanson, Jeff, ‡escreenwriter. ‡0(LARL_NWRL_CONSORTIUM)151845 |
| 700 | 1 | . | ‡aSilver, Jeffrey ‡c(Producer), ‡efilm producer. |
| 700 | 1 | . | ‡aGilchrist, Karen ‡c(Producer), ‡efilm producer. |
| 700 | 1 | . | ‡aGlover, Donald, ‡d1983- ‡evoice actor. |
| 700 | 1 | . | ‡aRogen, Seth, ‡d1982- ‡evoice actor. ‡0(LARL_NWRL_CONSORTIUM)210663 |
| 700 | 1 | . | ‡aEjiofor, Chiwetel, ‡evoice actor. |
| 700 | 1 | . | ‡aWoodard, Alfre, ‡d1953- ‡evoice actor. ‡0(LARL_NWRL_CONSORTIUM)138142 |
| 700 | 1 | . | ‡aEichner, Billy, ‡d1978- ‡evoice actor. |
| 700 | 1 | . | ‡aKani, John, ‡evoice actor. |
| 700 | 1 | . | ‡aOliver, John, ‡d1977- ‡evoice actor. |
| 700 | 1 | . | ‡aKasumba, Florence, ‡d1976- ‡evoice actor. |
| 700 | 1 | . | ‡aAndré, Eric, ‡d1983- ‡evoice actor. |
| 700 | 1 | . | ‡aKey, Keegan-Michael, ‡d1971- ‡evoice actor. |
| 700 | 1 | . | ‡aMcCrary, JD, ‡d2007- ‡evoice actor. |
| 700 | 1 | . | ‡aWright Joseph, Shahadi, ‡evoice actor. |
| 700 | 0 | . | ‡aBeyoncé, ‡d1981- ‡evoice actor. ‡0(LARL_NWRL_CONSORTIUM)156356 |
| 700 | 1 | . | ‡aJenkins, Barry, ‡d1979- ‡efilm director. |
| 700 | 1 | . | ‡aRomanski, Adele, ‡efilm producer. |
| 700 | 1 | . | ‡aCeryak, Mark, ‡efilm producer. |
| 700 | 1 | . | ‡aPierre, Aaron, ‡evoice actor. |
| 700 | 1 | . | ‡aHarrison, Kelvin, ‡cJr., ‡d1994- ‡evoice actor. |
| 700 | 1 | . | ‡aBoone, Tiffany, ‡evoice actor. |
| 700 | 1 | . | ‡aMikkelsen, Mads, ‡d1965- ‡evoice actor. ‡0(LARL_NWRL_CONSORTIUM)209255 |
| 700 | 1 | . | ‡aNewton, Thandiwe, ‡d1972- ‡evoice actor. |
| 700 | 1 | . | ‡aJames, Lennie, ‡evoice actor. ‡0(LARL_NWRL_CONSORTIUM)212341 |
| 700 | 1 | . | ‡aRose, Anika Noni, ‡d1972- ‡evoice actor. ‡0(LARL_NWRL_CONSORTIUM)212132 |
| 700 | 1 | . | ‡aCarter, Blue Ivy, ‡evoice actor. |
| 700 | 1 | . | ‡aDavid, Keith, ‡evoice actor. ‡0(LARL_NWRL_CONSORTIUM)91709 |
| 700 | 1 | . | ‡aLediga, Kagiso, ‡evoice actor. |
| 700 | 1 | . | ‡aNyman, Preston, ‡evoice actor. |
| 710 | 2 | . | ‡aWalt Disney Pictures, ‡epresenter, ‡epublisher. ‡0(LARL_NWRL_CONSORTIUM)81178 |
| 730 | 0 | 2. | ‡aLion King (Motion picture : 1994) |
| 730 | 0 | 2. | ‡aLion King (Motion picture : 2019) |
| 730 | 0 | 2. | ‡aMufasa, the Lion King (Motion picture) |
| 901 | . | ‡a463730 ‡bAUTOGEN ‡c463730 ‡tbiblio | |

Add to basket
Permalink
Enable Highlighting